Guía metodológica Integración de la temática de reducción de riesgos de desastre en la curricular de pregrado

Bibliographic Details
Main Author:  Cooperación Suiza en América Central.
Format: Section = Libro
Language:Undetermined
Spanish
Published: Nicaragua Ediciones Paraninfo 2013
Subjects:
LEADER 00646nam a2200193Ia 4500
008 241007s9999||||xx |||||||||||||| ||und||
040 |a BIBLIOTECA-RURC/ 363.34 C776 
041 |a spa 
082 |a 363.34 C776 
100 1 |a  Cooperación Suiza en América Central. 
245 1 0 |a Guía metodológica Integración de la temática de reducción de riesgos de desastre en la curricular de pregrado 
260 |a Nicaragua  |b Ediciones Paraninfo  |c 2013 
300 |a 38 p. :il. 
650 7 |a ORGANIZACIÓN INTERNA DE LA UNIVERSIDAD 
650 7 |b  CAPACITACIÓN 
650 7 |c  ADECUACIÓN CURRICULAR 
942 |c BK  |2 ddc 
991 |a TEXTO 
999 |c 14309